Responses for Show #6922 - Tuesday, October 21, 2014

Contestants

[<< previous game]

Elizabeth Webster, an ESL teacher from East Lansing, Michigan

Deb Williams, a member services counselor from Hudson, Ohio

Alexander Persaud, a Ph.D. student in economics originally from Dubuque, Iowa (whose 2-day cash winnings total $26,000)

[next game >>]

Jeopardy! Round responses

LIBROS EN ESPAÑOL
MLB ALL-TIME LEADERS
BEASTLY POSSESSIVES
POTPOURRI
THE STEAKS
(Alex: Have...)
NEVER BEEN HIGHER
    $200 11
Black Beauty

Alexander
    $200 16
the horse's mouth

Elizabeth
    $200 21
an objection

Elizabeth
    $200 6
A.1.

Alexander
    $200 1
Mount Everest

Alexander
    $400 15
The Giving Tree

Elizabeth
    $400 29
[The end-of-round signal sounds.]

Pete Rose

Alexander
    $400 17
the bull's-eye

Alexander
    $400 22
(Alexander: What is a whippoorwill?)
(Deb: What is a loon?)

a dove

AlexanderDebElizabeth
    $400 7
filet mignon

Deb
    $400 2
Apollo 13

Elizabeth
    $1,800 12
The Lion, the Witch and the Wardrobe

Alexander
    $600 28
Lou Gehrig

Alexander
    $600 18
houndstooth

Elizabeth
    $600 23
(Elizabeth: What is the Wall on Washington?)
...
(Alex: ...with less than a minute to go.)

Central Park

DebElizabeth
    $600 8
(Elizabeth: What is round steak?)

tri-tip

Elizabeth
Triple Stumper
    $600 3
a balloon

Alexander
    $800 14
For Whom the Bell Tolls

Alexander
    $800 27
Nolan Ryan

Alexander
    $800 19
(Alexander: Uh... what is "in the cat's pajamas"?)

a pig's eye

Alexander
Triple Stumper
    $800 24
Echo

Elizabeth
    $800 9
a flat iron

Deb
    $800 4
a dam

Alexander
    $1000 13
Kidnapped

Alexander
    $1000 26
Rickey Henderson

Triple Stumper
    $1000 20
Cat's Cradle

Elizabeth
    $1000 25
Roanoke

Alexander
    $1000 10
Salisbury steak (hamburger)

Alexander
    $1000 5
Felix Baumgartner

Triple Stumper

Scores at the first commercial break (after clue 15):

Alexander Deb Elizabeth
$6,600 $1,200 $200

Scores at the end of the Jeopardy! Round:

Alexander Deb Elizabeth
$8,600 $1,400 $2,800

Double Jeopardy! Round responses

THE LAST KING OF SCOTLAND
INITIALLY MEDICAL
"UV" EXPOSURE
ROLE REVERSAL
SCULPTURE
THE FESTIVE CARIBBEAN
    $400 2
Duncan

Triple Stumper
    $400 14
high blood pressure

Deb
    $400 13
louver

Triple Stumper
    $400 23
Laurence Olivier

Deb
    $400 1
Michelangelo

Alexander
    $400 7
Puerto Rico

Elizabeth
    $800 3
the Stewart

Alexander
    $800 15
measles, mumps & rubella

Elizabeth
    $800 20
Peruvian

Triple Stumper
    $800 24
Schwarzenegger

Alexander
    $800 8
gargoyles

Alexander
    $800 9
sugarcane

Deb
    $1200 4
(Elizabeth: Who is Richard III?)

Henry VIII

AlexanderElizabeth
    $2,000 16
beats per minute

Elizabeth
    $1200 21
maneuver

Elizabeth
    $1200 25
Emma Watson

Elizabeth
    $1200 10
a Centaur

Alexander
    $1200 11
Montego Bay

Alexander
    $2,000 5
the Bruce

Alexander
    $1600 17
the oral polio vaccine

Alexander
    $1600 22
duvet

Alexander
    $1600 26
Al Pacino

Alexander
    $1600 29
Arabesque

Triple Stumper
    $1600 12
sea turtles

Elizabeth
    $2000 6
James

Alexander
    $2000 18
metered-dose inhaler

Triple Stumper
    $2000 28
antediluvian

Alexander
    $2000 27
Harrison Ford

Alexander
    $2000 30
Marcel Duchamp

Triple Stumper
    $2000 19
Grenada

Triple Stumper

Scores at the end of the Double Jeopardy! Round:

Alexander Deb Elizabeth
$27,800 $3,000 $8,800
(lock game)

[wagering suggestions for these scores]

Final Jeopardy! Round responses

THE 18th CENTURY
DebWhat was Boston Tea Party
$3,000
ElizabethWhat is the Boston Tea Party
$8,800
AlexanderWhat is the Boston Tea Party?
$7,200
the Boston Tea Party

Final scores:

Alexander Deb Elizabeth
$35,000 $6,000 $17,600
3-day champion: $61,000 3rd place: $1,000 2nd place: $2,000

Game dynamics:

Coryat scores:

Alexander Deb Elizabeth
$26,200 $3,000 $8,000
28 R
(including 2 DDs),
2 W
6 R,
1 W
14 R
(including 1 DD),
3 W

Combined Coryat: $37,200

[game clues] [game scores] [suggest correction]

Game tape date: 2014-08-06
The J! Archive is created by fans, for fans. Scraping, republication, monetization, and malicious use prohibited; this site may use cookies and collect identifying information. See terms. The Jeopardy! game show and all elements thereof, including but not limited to copyright and trademark thereto, are the property of Jeopardy Productions, Inc. and are protected under law. This website is not affiliated with, sponsored by, or operated by Jeopardy Productions, Inc. Join the discussion at JBoard.tv.